Evaluación de contenidos de procedimiento: materiales e instrumentos prácticos

Uloženo v:
Podrobná bibliografie
Hlavní autor: Pérez Avellaneda, Marino (Autor)
Médium: Kniha
Jazyk:španělština
Vydáno: Madrid CEPE 1996
Edice:Colección Propuestas Curriculares
Témata:
Tagy: Přidat tag
Žádné tagy, Buďte první, kdo vytvoří štítek k tomuto záznamu!

MARC

LEADER 00000nam a2200000 a 4500
001 UCO7769
003 CL-VaPUC
008 001124e19960000SP |||||||||||||||||spa|d
082 0 4 |a 371.26  |b PER  |2 21 
100 0 |a Pérez Avellaneda, Marino  |e author  |9 452494 
245 1 0 |a Evaluación de contenidos de procedimiento: materiales e instrumentos prácticos 
300 |a 124 p 
942 |c BK 
945 |d 20001124 00:00:00  |a rbrito 
260 |a Madrid  |b CEPE  |c 1996 
650 0 |a Evaluación de la educación   |9 237505 
650 7 |a PRACTICAS DE PRUEBAS EDUCACIONALES  |2 CL-VaPUC  |9 452495 
650 7 |a MEDICION EDUCACIONAL  |2 CL-VaPUC  |9 343534 
650 7 |a PRUEBAS DE PROGRESO ESCOLAR  |2 CL-VaPUC  |9 335967 
583 |a last modification  |c 20001124 00:00:00  |k Rodrigo Vera 
490 0 |a Colección Propuestas Curriculares 
999 |c 292647  |d 292645 
952 |0 0  |1 0  |4 0  |6 371_260000000000000_PER_1996  |7 0  |8 P  |9 343685  |a BIBEDU  |b BIBEDU  |c BIBEDU_PB  |d 2019-11-20  |i 3667871  |o 371.26 PER 1996  |p 3667871  |r 2024-01-25  |w 2019-11-20  |y BK  |k BME